| 000 | 00594nam a2200205 a 4500 | ||
|---|---|---|---|
| 001 | 2347 | ||
| 003 | CDMR | ||
| 005 | 20131129133635.0 | ||
| 008 | 130130s1987||||||||||||||||||||||||||||d | ||
| 020 | _a9509113344 | ||
| 040 |
_aCDMR _bcat _cCDMR |
||
| 100 | 1 |
_aVeron, Eliseo _9414 |
|
| 245 | 1 | 3 |
_aLa semiosis social _b: fragmentos de una teoría de la discursividad _cEliseo Verón |
| 260 |
_aBuenos Aires _c1987 _bGedisa |
||
| 300 | _a235 p. | ||
| 490 | 0 |
_aEl Mamífero Parlante. _aSerie MAyor |
|
| 650 | 0 | 4 |
_94377 _aLlenguatge i llengües |
| 650 | 0 | 4 |
_93349 _aAnàlisi del discurs |
| 942 |
_cMON _2udc |
||
| 999 |
_c2347 _d2347 |
||